000 00528nam a2200181Ia 4500
008 090123s9999 xx 000 0 und d
082 _b39607
100 _aSHARMA ROBIN
245 _aLEADERSHIP WISDOM FROM THE MONK WHO SOLD HIS FERRARI
250 _a7
260 _bJAICO PUBLISHING HOUSE
_c2005
300 _a257
600 _aSHARMA ROBIN
630 _aLEADERSHIP WISDOM FROM THE MONK WHO SOLD HIS FERRARI
700 _aSHARMA ROBIN
730 _aLEADERSHIP WISDOM FROM THE MONK WHO SOLD HIS FERRARI
942 _cBOOK
999 _c77678
_d77678